000 00597nam a2200229 a 4500
001 BRCA_3862
005 20190320204443.0
008 171209s1944----nyu#######---#000-0#eng-#
041 _aeng
044 _anyu
050 4 _aF1226
_b.S77 1944
100 1 _aStrode, Hudson.
_910055
245 1 0 _aTimeless Mexico
_cHudson Strode.
260 _aNew York
_bHarcourt & Brace
_cc1944
300 _a436 p.
_c22 cm.
500 _aIncluye índice de autores.
500 _aC21
504 _aIncluye bibliografía : p. 425-430.
651 4 _aMéxico
_vHistoria
_99143
902 _aGFM
942 _2lcc
_cB
999 _c3590
_d3590